Statistics for Maths True or False - Speedrun

Click here to take the quiz!

General Stats

  • This quiz has been taken 166 times
  • The average score is 9 of 30

Answer Stats

QuestionAnswer% Correct
1 + 1 = 2True
99%
30 / 6 = 5True
94%
8 * 9 = 72True
86%
14 - 17 = -3True
85%
6 * 7 = 56False
84%
52 - 15 = 39False
82%
32 / 4 = 8True
79%
3 ^ 3 = 27True
77%
10 * 100 = 10000False
57%
8 + 68 = 74False
50%
12 * 13 = 169False
44%
2 ^ 8 = 256True
29%
1 ^ 0 = 1True
24%
0 ^ 1 = 1False
15%
Cubed Root of 81 = 3False
8%
420-42^0-424/2*(0+4^20^0)-(420-(42-0)*4-2+42+0+4+2+0^422-0) = 69True
6%
5 ^ -1 = 0.2True
6%
6 + 7 = 15False
3%
17.45 + 3.65 = 20.1False
1%
4(3m + 5) = 12m + 20True
1%
18 * 11 = 198True
1%
68 * 70 = 4770False
0%
4 ^ 3 = 24False
0%
Square Root of 20 = 4.5False
0%
77 + 33 = 100False
0%
4.42 * 2 = 8.44False
0%
4a(3a + 12) = 12a + 48False
0%
114 * 72 = 8216False
0%
11 ^ 2 = 132False
0%
1 * 1 = 2False
0%

Score Distribution

Percentile by Number Answered

Percent of People with Each Score

Your Score History

You have not taken this quiz